Catálogo
 En Linea

Antología de la poesía viva latinoamericana / (Registro nro. 34976)

Detalles MARC
000 -CABECERA
campo de control de longitud fija 00428nam a2200145 a 4500
001 - NÚMERO DE CONTROL
campo de control 000035485
005 - FECHA Y HORA DE LA ÚLTIMA TRANSACCIÓN
campo de control 20200930074358.0
008 - DATOS DE LONGITUD FIJA--INFORMACIÓN GENERAL
campo de control de longitud fija 111102s1966 sp 000 0 spa d
040 ## - FUENTE DE LA CATALOGACIÓN
Centro catalogador/agencia de origen DO-SdBNP
Lengua de catalogación spa
Centro/agencia transcriptor BNPHU
082 ## - NÚMERO DE LA CLASIFICACIÓN DECIMAL DEWEY
Número de clasificación xxx
Número de documento/Ítem P386a
100 1# - ENTRADA PRINCIPAL--NOMBRE DE PERSONA
Nombre de persona Pellegrini, Aldon
9 (RLIN) 61363
245 10 - MENCIÓN DE TÍTULO
Título Antología de la poesía viva latinoamericana /
Mención de responsabilidad, etc. Aldon Pellerini.
260 ## - PUBLICACIÓN, DISTRIBUCIÓN, ETC.
Lugar de publicación, distribución, etc. Barcelona :
Nombre del editor, distribuidor, etc. Seix Barral,
Fecha de publicación, distribución, etc. 1966.
300 ## - DESCRIPCIÓN FÍSICA
Extensión 311 p. ;
Dimensiones 20 cm.
Existencias
Estado de retiro Estado de pérdida Restricciones de uso No para préstamo Código de colección Localización permanente Ubicación/localización actual Ubicación en estantería Fecha de adquisición Número de inventario Total de préstamos Signatura topográfica completa Código de barras Fecha visto por última vez Precio válido a partir de Tipo de ítem Koha
        Monografías: Libros y Folletos General General Orden iniciada 02.11.2011 LF1   xxx P386a 35485-10 25.06.2020 25.06.2020 No se presta

Con tecnología Koha